书目信息 |
| 题名: |
高校学生思想政治教育与创业指导
|
|
| 作者: | 张涛轩 , 杨学慧 , 阎妍 著 | |
| 分册: | ||
| 出版信息: | 北京 中国商务出版社 2019.03 |
|
| 页数: | 304页 | |
| 开本: | 26cm | |
| 丛书名: | ||
| 单 册: | ||
| 中图分类: | G641 , G647.38 | |
| 科图分类: | ||
| 主题词: | 高等学校--gao deng xue jiao--思想政治教育--研究--中国 , 大学生--da xue sheng--创业--教学研究 | |
| 电子资源: | ||
| ISBN: | 978-7-5103-2794-0 | |
| 000 | 01035nam0 2200277 450 | |
| 001 | 0104125635 | |
| 005 | 20201104125713.0 | |
| 010 | @a978-7-5103-2794-0@dCNY58.00 | |
| 100 | @a20200408d2019 em y0chiy50 ea | |
| 101 | 0 | @achi |
| 102 | @aCN@b110000 | |
| 105 | @ay z 000yy | |
| 106 | @ar | |
| 200 | 1 | @a高校学生思想政治教育与创业指导@Agao xiao xue sheng si xiang zheng zhi jiao yu yu chuang ye zhi dao@f张涛轩, 杨学慧, 阎妍著 |
| 210 | @a北京@c中国商务出版社@d2019.03 | |
| 215 | @a304页@d26cm | |
| 330 | @a本书分十一章,内容包括:高校学生思想政治教育;高校学生思想政治教育的研究;高校思想政治工作价值与教育管理;高校思想政治教育与心理环境;高校学生教育管理与人文道德价值观等。 | |
| 606 | 0 | @a高等学校@Agao deng xue jiao@x思想政治教育@x研究@y中国 |
| 606 | 0 | @a大学生@Ada xue sheng@x创业@x教学研究 |
| 690 | @aG641@v5 | |
| 690 | @aG647.38@v5 | |
| 701 | 0 | @a张涛轩@Azhang tao xuan@4著 |
| 701 | 0 | @a杨学慧@Ayang xue hui@4著 |
| 701 | 0 | @a阎妍@Ayan yan@4著 |
| 801 | 0 | @aCN@bBJSZM@c20201104 |
| 905 | @b1261301-5@dG641@e1896@f5 | |
| 高校学生思想政治教育与创业指导/张涛轩, 杨学慧, 阎妍著.-北京:中国商务出版社,2019.03 |
| 304页;26cm |
| ISBN 978-7-5103-2794-0:CNY58.00 |
| 本书分十一章,内容包括:高校学生思想政治教育;高校学生思想政治教育的研究;高校思想政治工作价值与教育管理;高校思想政治教育与心理环境;高校学生教育管理与人文道德价值观等。 |
| ● |
| 相关链接 |
|
|
|
|
正题名:高校学生思想政治教育与创业指导
索取号:G641/1896
 
预约/预借
| 序号 | 登录号 | 条形码 | 馆藏地/架位号 | 状态 | 备注 |
| 1 | 1261301 | 212613019 | 第一样本阅览室/ [索取号:G641/1896] | 在馆 | |
| 2 | 1261302 | 212613028 | 教育系资料室/ [索取号:G641/1896] | 在馆 | |
| 3 | 1261303 | 212613037 | 教育系资料室/ [索取号:G641/1896] | 在馆 | |
| 4 | 1261304 | 212613046 | 第四借阅区/ [索取号:G641/1896] | 在馆 | |
| 5 | 1261305 | 212613055 | 第四借阅区/ [索取号:G641/1896] | 在馆 |